<?xml version="1.0" encoding="UTF-8"?>
<marc:record xmlns:marc="http://www.loc.gov/MARC21/slim" type="Bibliographic">
   <marc:leader>00000nam a2200000 c 4500</marc:leader>
   <marc:controlfield tag="001">969828764</marc:controlfield>
   <marc:controlfield tag="003">DE-101</marc:controlfield>
   <marc:controlfield tag="005">20171203153930.0</marc:controlfield>
   <marc:controlfield tag="007">tu</marc:controlfield>
   <marc:controlfield tag="008">040112s2003    gw ||||| |||| 00||||ger  </marc:controlfield>
   <marc:datafield ind1=" " ind2=" " tag="015">
      <marc:subfield code="a">04,A08,1753</marc:subfield>
      <marc:subfield code="2">dnb</marc:subfield>
   </marc:datafield>
   <marc:datafield ind1="7" ind2=" " tag="016">
      <marc:subfield code="2">DE-101</marc:subfield>
      <marc:subfield code="a">969828764</marc:subfield>
   </marc:datafield>
   <marc:datafield ind1=" " ind2=" " tag="020">
      <marc:subfield code="a">9783763312559</marc:subfield>
      <marc:subfield code="c">flexibler Kunststoffeinband : EUR 22.90, sfr 38.90</marc:subfield>
      <marc:subfield code="9">978-3-7633-1255-9</marc:subfield>
   </marc:datafield>
   <marc:datafield ind1=" " ind2=" " tag="020">
      <marc:subfield code="a">3763312552</marc:subfield>
      <marc:subfield code="c">flexibler Kunststoffeinband : EUR 22.90, sfr 38.90</marc:subfield>
      <marc:subfield code="9">3-7633-1255-2</marc:subfield>
   </marc:datafield>
   <marc:datafield ind1=" " ind2=" " tag="035">
      <marc:subfield code="a">(DE-599)DNB969828764</marc:subfield>
   </marc:datafield>
   <marc:datafield ind1=" " ind2=" " tag="035">
      <marc:subfield code="a">(OCoLC)76658404</marc:subfield>
   </marc:datafield>
   <marc:datafield ind1=" " ind2=" " tag="040">
      <marc:subfield code="a">1240</marc:subfield>
      <marc:subfield code="b">ger</marc:subfield>
      <marc:subfield code="c">DE-101</marc:subfield>
      <marc:subfield code="d">9999</marc:subfield>
   </marc:datafield>
   <marc:datafield ind1=" " ind2=" " tag="041">
      <marc:subfield code="a">ger</marc:subfield>
   </marc:datafield>
   <marc:datafield ind1=" " ind2=" " tag="044">
      <marc:subfield code="c">XA-DE</marc:subfield>
   </marc:datafield>
   <marc:datafield ind1="7" ind2="4" tag="082">
      <marc:subfield code="a">796</marc:subfield>
      <marc:subfield code="a">910</marc:subfield>
      <marc:subfield code="q">DE-101</marc:subfield>
      <marc:subfield code="2">22sdnb</marc:subfield>
   </marc:datafield>
   <marc:datafield ind1="1" ind2=" " tag="100">
      <marc:subfield code="0">(DE-588)124552145</marc:subfield>
      <marc:subfield code="0">https://d-nb.info/gnd/124552145</marc:subfield>
      <marc:subfield code="0">(DE-101)124552145</marc:subfield>
      <marc:subfield code="a">Goedeke, Richard</marc:subfield>
      <marc:subfield code="d">1939-</marc:subfield>
      <marc:subfield code="e">Verfasser</marc:subfield>
      <marc:subfield code="4">aut</marc:subfield>
      <marc:subfield code="2">gnd</marc:subfield>
   </marc:datafield>
   <marc:datafield ind1="1" ind2="0" tag="245">
      <marc:subfield code="a">Sextener Dolomiten</marc:subfield>
      <marc:subfield code="b">Cristallo - Tofana - Fanes - Pragser Berge ; Alpenvereinsführer "extrem" für Bergsteiger und Kletterer ; verfasst nach den Richtlinien der UIAA</marc:subfield>
      <marc:subfield code="c">Richard Goedeke</marc:subfield>
   </marc:datafield>
   <marc:datafield ind1=" " ind2=" " tag="250">
      <marc:subfield code="a">1. Aufl.</marc:subfield>
   </marc:datafield>
   <marc:datafield ind1=" " ind2=" " tag="259">
      <marc:subfield code="a">11</marc:subfield>
   </marc:datafield>
   <marc:datafield ind1=" " ind2="1" tag="264">
      <marc:subfield code="a">München [i.e. Ottobrunn]</marc:subfield>
      <marc:subfield code="b">Bergverl. Rother</marc:subfield>
      <marc:subfield code="c">2003</marc:subfield>
   </marc:datafield>
   <marc:datafield ind1=" " ind2=" " tag="300">
      <marc:subfield code="a">559 S.</marc:subfield>
      <marc:subfield code="b">Ill., Kt.</marc:subfield>
      <marc:subfield code="c">17 cm</marc:subfield>
   </marc:datafield>
   <marc:datafield ind1=" " ind2=" " tag="336">
      <marc:subfield code="a">Text</marc:subfield>
      <marc:subfield code="b">txt</marc:subfield>
      <marc:subfield code="2">rdacontent</marc:subfield>
   </marc:datafield>
   <marc:datafield ind1=" " ind2=" " tag="337">
      <marc:subfield code="a">ohne Hilfsmittel zu benutzen</marc:subfield>
      <marc:subfield code="b">n</marc:subfield>
      <marc:subfield code="2">rdamedia</marc:subfield>
   </marc:datafield>
   <marc:datafield ind1=" " ind2=" " tag="338">
      <marc:subfield code="a">Band</marc:subfield>
      <marc:subfield code="b">nc</marc:subfield>
      <marc:subfield code="2">rdacarrier</marc:subfield>
   </marc:datafield>
   <marc:datafield ind1="0" ind2=" " tag="490">
      <marc:subfield code="a">Alpenvereinsführer</marc:subfield>
   </marc:datafield>
   <marc:datafield ind1=" " ind2="7" tag="650">
      <marc:subfield code="0">(DE-588)4005694-6</marc:subfield>
      <marc:subfield code="0">https://d-nb.info/gnd/4005694-6</marc:subfield>
      <marc:subfield code="0">(DE-101)040056945</marc:subfield>
      <marc:subfield code="a">Bergsteigen</marc:subfield>
      <marc:subfield code="9">rswk-swf</marc:subfield>
      <marc:subfield code="2">gnd</marc:subfield>
   </marc:datafield>
   <marc:datafield ind1=" " ind2="7" tag="651">
      <marc:subfield code="0">(DE-588)4054676-7</marc:subfield>
      <marc:subfield code="0">https://d-nb.info/gnd/4054676-7</marc:subfield>
      <marc:subfield code="0">(DE-101)040546764</marc:subfield>
      <marc:subfield code="a">Sextener Dolomiten</marc:subfield>
      <marc:subfield code="9">rswk-swf</marc:subfield>
      <marc:subfield code="2">gnd</marc:subfield>
   </marc:datafield>
   <marc:datafield ind1=" " ind2="7" tag="655">
      <marc:subfield code="0">(DE-588)4155569-7</marc:subfield>
      <marc:subfield code="0">https://d-nb.info/gnd/4155569-7</marc:subfield>
      <marc:subfield code="0">(DE-101)041555694</marc:subfield>
      <marc:subfield code="a">Führer</marc:subfield>
      <marc:subfield code="2">gnd-content</marc:subfield>
   </marc:datafield>
   <marc:datafield ind1=" " ind2="7" tag="655">
      <marc:subfield code="a">Führer</marc:subfield>
      <marc:subfield code="9">rswk-swf</marc:subfield>
      <marc:subfield code="2">gnd</marc:subfield>
   </marc:datafield>
   <marc:datafield ind1="0" ind2="0" tag="689">
      <marc:subfield code="0">(DE-588)4054676-7</marc:subfield>
      <marc:subfield code="0">https://d-nb.info/gnd/4054676-7</marc:subfield>
      <marc:subfield code="0">(DE-101)040546764</marc:subfield>
      <marc:subfield code="D">g</marc:subfield>
      <marc:subfield code="a">Sextener Dolomiten</marc:subfield>
   </marc:datafield>
   <marc:datafield ind1="0" ind2="1" tag="689">
      <marc:subfield code="0">(DE-588)4005694-6</marc:subfield>
      <marc:subfield code="0">https://d-nb.info/gnd/4005694-6</marc:subfield>
      <marc:subfield code="0">(DE-101)040056945</marc:subfield>
      <marc:subfield code="D">s</marc:subfield>
      <marc:subfield code="a">Bergsteigen</marc:subfield>
   </marc:datafield>
   <marc:datafield ind1="0" ind2="2" tag="689">
      <marc:subfield code="A">f</marc:subfield>
      <marc:subfield code="a">Führer</marc:subfield>
   </marc:datafield>
   <marc:datafield ind1="0" ind2=" " tag="689">
      <marc:subfield code="5">DE-101</marc:subfield>
      <marc:subfield code="5">DE-101</marc:subfield>
   </marc:datafield>
   <marc:datafield ind1=" " ind2=" " tag="850">
      <marc:subfield code="a">DE-101a</marc:subfield>
      <marc:subfield code="a">DE-101b</marc:subfield>
   </marc:datafield>
   <marc:datafield ind1="r" ind2=" " tag="925">
      <marc:subfield code="a">ra</marc:subfield>
   </marc:datafield>
</marc:record>
